Jesucristo: Tomo octavo

Guardado en:
Detalles Bibliográficos
Autor principal: Rychlowski, Bruno
Autor Corporativo: Meza, Francisco (Ilustrador)
Formato: Libro
Publicado: Santiago Editorial Universitaria 1984
Edición:
Catálogo:MANES:  Resultados de Búsqueda del Catálogo
Clasificación de libros de texto:
Colección:Colección abre tu corazón a Cristo
Etiquetas: Agregar Etiqueta
Sin Etiquetas, Sea el primero en etiquetar este registro!
Añadido a:1999-11-29
Cambiado en:2025-04-25

MARC

LEADER 00000nam a22000007a 4500
005 20250425101437.0
008 spa
040 |a MGM 
561 |5 cl-MGM  |3 T 200 R991j 1984 8°B  |a Chile. Museo Gabriela Mistral  |k MANES 
999 |c 53324  |d 53324 
100 |9 22939  |a Rychlowski, Bruno 
245 |a Jesucristo: Tomo octavo 
250 |a 5° 
260 |a Santiago  |b Editorial Universitaria  |c 1984 
300 |a 96 p.  |c 18,5 x 26,5 cm. 
440 |p Colección abre tu corazón a Cristo  |9 28850 
500 |a Ubicación local: T 200 R991j 1984 8°B 
546 |a Chile 
690 |a RyM 
691 |a PRI 
710 |9 22941  |a Meza, Francisco  |e Ilustrador 
942 |2 ddc  |c BK 
999 |c manes:53324  |d 53324